| 000 -LEADER |
| fixed length control field |
00598nam a2200169 4500 |
| 020 ## - INTERNATIONAL STANDARD BOOK NUMBER |
| ISBN |
978-3-031-10554-8 |
| 022 ## - INTERNATIONAL STANDARD SERIAL NUMBER |
| ISSN |
2192-4341 |
| 082 ## - DEWEY DECIMAL CLASSIFICATION NUMBER |
| Classification number |
338.5 |
| Item number |
K94m 2022 |
| 100 ## - MAIN ENTRY--AUTHOR NAME |
| Personal name |
Malaga, Krzysztof, author. |
| 245 ## - TITLE STATEMENT |
| Title |
Microeconomics : static and dynamic analysis / Krzysztof Malaga and Karolina Sobczak. |
| 260 ## - PUBLICATION, DISTRIBUTION, ETC. (IMPRINT) |
| Place of publication |
Cham, Switzerland : |
| Name of publisher |
Springer International Publishing, |
| Year of publication |
2022. |
| 300 ## - PHYSICAL DESCRIPTION |
| Number of Pages |
1 online resource, xi, 505 pages : |
| Other physical details |
illustrations. |
| 500 ## - GENERAL NOTE |
| General note |
Includes bibliographic references and index. |
| 650 ## - SUBJECT ADDED ENTRY--TOPICAL TERM |
| Topical Term |
Microeconomics. |
| 700 ## - ADDED ENTRY--PERSONAL NAME |
| Personal name |
Sobczak, Karolina, author. |
| 942 ## - ADDED ENTRY ELEMENTS (KOHA) |
| Koha item type |
Electronic Books |